| 000 | 00000nas 2200000za 4500 |
| 001 | 9.826837 |
| 003 | CaOODSP |
| 005 | 20221107144655 |
| 007 | cr ||||||||||| |
| 008 | 161102d19701980oncar p oss f0###b0fre|d |
| 022 | |y0575-898X |
| 040 | |aCaOODSP|bfre |
| 041 | |aeng|afre |
| 043 | |an-cn--- |
| 086 | 1 |aCS41-215-PDF |
| 245 | 00|aMetal rolling, casting and extruding |h[ressource électronique] = |bLaminage, moulage et extrusion des métaux. |
| 246 | 11|aLaminage, moulage et extrusion des métaux. |
| 260 | |aOttawa : |bStatistics Canada, Manufacturing and Primary Industries Division = Statistique Canada, Division des industries manufacturières et primaires, |c1972-1982. |
| 310 | |aAnnuel |
| 362 | 0 |a1970-1980. |
| 490 | 0 |aAnnual census of manufactures |
| 500 | |aÉdition numérisée de l’imprimé [par Statistique Canada]. |
| 520 | |aStatistiques de fabrication des métaux non ferreux et alliages et coulée sous pression de tous les métaux non ferreux et de leurs alliages. |
| 546 | |aTexte en anglais et en français. |
| 550 | |aPubl. 1979-1980 par Machinery, Wood and Metal Products Section. |
| 580 | |aFusionné avec: Aluminum rolling, casting and extruding (Final); et, Copper and copper alloy rolling, casting and extruding (Final), et devient: Non-ferrous metal rolling, casting and extruding. |
| 692 | 07|2gccst|aIndustrie métallurgique |
| 692 | 07|2gccst|aStatistique |
| 710 | 1 |aCanada. |bStatistique Canada. |bSection des machines, du bois et des produits en métal. |
| 710 | 1 |aCanada. |bStatistique Canada. |bDivision des industries manufacturières et primaires. |
| 780 | 00|tMetal rolling, casting and extruding, n.e.s. |w(CaOODSP)9.826833 |
| 785 | 00|tNon-ferrous metal rolling, casting and extruding |w(CaOODSP)9.827718 |
| 791 | |tMetal rolling, casting and extruding |eeng|w(CaOODSP)9.826835 |